000 00827nam a2200169Ia 4500
008 090711s9999 xx 000 0 und d
082 _b72743
100 _aबेलसरे केशव वि.
245 _aश्री ब्रम्हSौतन्य गोंदवलेकर महाराज Sारित्र आणि वाIमय
260 _c1988
300 _a660
600 _aबेलसरे केशव वि.
630 _aश्री ब्रम्हSौतन्य गोंदवलेकर महाराज Sारित्र आणि वाIमय
700 _aबेलसरे केशव वि.
730 _aश्री ब्रम्हSौतन्य गोंदवलेकर महाराज Sारित्र आणि वाIमय
942 _cBOOK
999 _c282724
_d282724